Sports Quiz

Random Sports or NFL Quiz

NFL Head Coach Playoff Wins Quiz Stats

 Plays Quiz not verified by Sporcle

Challenge
Share
Tweet
Embed
Score 0/29 Timer 05:00
0 Plays Today
Team(s)/Years Coach % Correct
Dallas Cowboys; 1954-1988Tom Landry
96.9%
Pittsburgh Steelers; 1989-2006Bill Cowher
96.1%
Baltimore Colts/Miami Dolphins; 1963-1995Don Shula
95.3%
New York Giants/New York Jets/New Engladn Patriots/Dallas Cowboys; 1979-2006Bill Parcells
95.3%
Philadelphia Eagles; 1999-2012Andy Reid
95.3%
Los Angeles Raiders/Denver Broncos/Washington Redskins; 1985-2012Mike Shanahan
95.3%
Cleveland Browns/New England Patriots; 1985-2012Bill Belichick
94.5%
Tampa Bay Buccaneers/Indianapolis Colts; 1984-2008Tony Dungy
94.5%
San Francisco 49ers; 1976-1988Bill Walsh
93.7%
Washington Redskins; 1978-2007Joe Gibbs
92.9%
Jacksonville Jaguars/New York Giants; 1995-2012Tom Coughlin
92.9%
Dallas Cowboys/Miami Dolphins; 1989-1999Jimmy Johnson
92.9%
Oakland Raiders; 1969-1978John Madden
92.9%
Pittsburgh Steelers; 1969-1991Chuck Noll
92.1%
Green Bay Packers/Seattle Seahawks; 1989-2008Mike Holmgren
91.3%
Team(s)/Years Coach % Correct
Chicago Bears/New Orleans Saints; 1982-1999Mike Ditka
91.3%
Carolina Panthers/Denver Broncos; 1994-2012John Fox
91.3%
Baltimore Ravens; 2008-2012John Harbaugh
90.6%
Green Bay Packers; 2000-2012Mike McCarthy
89%
Green Bay Packers/Washington Redskins; 1954-1969Vince Lombardi
88.2%
Kansas City Chiefs/Buffalo Bills; 1978-1997Marv Levy
86.6%
Cleveland Browns/Cincinnati Bengals; 1946-1975Paul Brown
85.8%
Philadelphia Eagles/St. Louis Rams/Kansas City Chiefs; 1976-2005Dick Vermeil
85.8%
Denver Broncos/New York Giants/Atlanta Falcons; 1977-2003Dan Reeves
85%
San Francisco 49ers/Carolina Panthers; 1983-2001George Seifert
82.7%
Chicago Bears; 1920-1967George Halas
81.9%
Minnesota Vikings; 1967-1985Bud Grant
74%
Oakland Raiders/Seattle Seahawks; 1979-1994Tom Flores
68.5%
Los Angeles Rams/Buffalo Bills/Seattle Seahawks/; 1973-1994Chuck Knox
63%

You're not logged in!

Compare scores with friends on all Sporcle quizzes.
Join for Free
OR
Log In

You Might Also Like...

Show Comments

Extras

Top Quizzes Today


Score Distribution

Your Account Isn't Verified!

In order to create a playlist on Sporcle, you need to verify the email address you used during registration. Go to your Sporcle Settings to finish the process.

Report this User

Report this user for behavior that violates our Community Guidelines.

Details: